Vista normal Vista MARC

Entrada Nombre personal

Número de registros utilizados en: 1

001 - NÚMERO DE CONTROL

  • Campo de control: 47565

003 - IDENTIFICADOR DE NÚMERO DE CONTROL

  • Campo de control: OSt

005 - FECHA Y HORA DE LA ULTIMA MODIFICACION

  • Campo de control: 20230710164134.0

008 - ELEMENTOS DE DATOS DE LONGITUD FIJA

  • Campo de longitud fija: 230710|| aca||aabn | a|a d

040 ## - FUENTE DE LA CATALOGACIÓN

  • Agencia original de catalogación: OSt

100 1# - ENCABEZAMIENTO--NOMBRE DE PERSONA

  • Nombre personal: Córdova Murcia, Walter Omar

670 ## - FUENTE DE DATOS ENCONTRADOS

  • Fuente de citación: Pasantía, Centro Escolar Católico Oblatas al Divino Amor, Rosario de Mora, San Salvador.

670 ## - FUENTE DE DATOS ENCONTRADOS

  • Fuente de citación: BMC.- 10-07-2023